Ideología y aparatos ideológicos de estado / (Registro nro. 5754)

Detalles MARC
000 -LEADER
fixed length control field 01087nam a2200277Ia 4500
003 - CONTROL NUMBER IDENTIFIER
control field OSt
005 - DATE AND TIME OF LATEST TRANSACTION
control field 20200326111723.0
008 - FIXED-LENGTH DATA ELEMENTS--GENERAL INFORMATION
fixed length control field 191128s1970 ck fr 000 0 spa d
040 ## - CATALOGING SOURCE
Original cataloging agency CO-JMCR
Transcribing agency CO-JMCR
041 0# - LANGUAGE CODE
Language code of text/sound track or separate title spa
082 04 - DEWEY DECIMAL CLASSIFICATION NUMBER
Classification number 320.1 /
Item number A478i
Edition number 21
100 1# - MAIN ENTRY--PERSONAL NAME
Personal name Althusser, Louis,
Relator term autor
9 (RLIN) 1913
245 10 - TITLE STATEMENT
Title Ideología y aparatos ideológicos de estado /
Statement of responsibility, etc. Louis Althusser y Luciano Gruppi
250 ## - EDITION STATEMENT
Edition statement Primera edición
260 ## - PUBLICATION, DISTRIBUTION, ETC.
Place of publication, distribution, etc. Medellín :
Name of publisher, distributor, etc. Ediciones Pepe,
Date of publication, distribution, etc. 1970
300 ## - PHYSICAL DESCRIPTION
Extent 95 páginas ;
Dimensions 17 cm.
505 0# - FORMATTED CONTENTS NOTE
Formatted contents note Presentación de la tesis de Althusser sobre la reproducción y la ideología, publicadas bajo el título Ideología y aparatos ideológicos del estado -- Ideología y aparatos ideológicos del estado -- Althusser, ideología y aparatos ideológicos del estado
650 14 - SUBJECT ADDED ENTRY--TOPICAL TERM
Topical term or geographic name entry element Estado
General subdivision ideologías
9 (RLIN) 1914
650 14 - SUBJECT ADDED ENTRY--TOPICAL TERM
Topical term or geographic name entry element Materialismo dialéctico
9 (RLIN) 1915
650 14 - SUBJECT ADDED ENTRY--TOPICAL TERM
Topical term or geographic name entry element Estado
9 (RLIN) 1814
650 14 - SUBJECT ADDED ENTRY--TOPICAL TERM
Topical term or geographic name entry element Luchas sociales
9 (RLIN) 1613
650 14 - SUBJECT ADDED ENTRY--TOPICAL TERM
Topical term or geographic name entry element Marxismo
9 (RLIN) 1916
650 14 - SUBJECT ADDED ENTRY--TOPICAL TERM
Topical term or geographic name entry element Clases sociales
9 (RLIN) 1748
700 1# - ADDED ENTRY--PERSONAL NAME
Personal name Gruppi, Luciano,
Relator term autor
9 (RLIN) 1917
942 ## - ADDED ENTRY ELEMENTS (KOHA)
Source of classification or shelving scheme Dewey Decimal Classification
Koha item type Books
Existencias
Withdrawn status Lost status Source of classification or shelving scheme Damaged status Not for loan Collection code Home library Current library Date acquired Source of acquisition Cost, normal purchase price Total Checkouts Full call number Barcode Date last seen Copy number Koha item type
    Dewey Decimal Classification     Non-fiction Biblioteca Pública José María del Castillo y Rada Biblioteca Pública José María del Castillo y Rada 04/15/2018 Donación 0.00   320.1 / A478i 430004130 05/16/2024 Ej.1 Books